[Event "Bad Griesbach Seniors op 23rd"]
[Site "Bad Griesbach"]
[Date "2021.11.20"]
[Round "7"]
[White "Dalling, Peter"]
[Black "Mueller, Rudolf"]
[Result "0-1"]
[WhiteElo "1819"]
[BlackElo "2093"]
[PlyCount "52"]
[EventDate "2021.11.14"]
[EventType "swiss"]
[EventRounds "7"]
[EventCountry "GER"]
[SourceTitle "EXT 2024"]
[Source "ChessBase"]
[SourceDate "2023.10.10"]
[SourceVersion "1"]
[SourceVersionDate "2023.10.10"]
[SourceQuality "1"]

1. e4 b6 2. d4 e6 3. Nc3 Bb4 4. Bd2 Bb7 5. Bd3 f5 6. Qe2 Nf6 7. f3 Bxc3 8. Bxc3 fxe4 9. fxe4 Nxe4 10. Nf3 Nxc3 11. bxc3 0-0 12. 0-0 Nc6 13. Qe4 g6 14. h4 Na5 15. Qg4 Bxf3 16. gxf3 Kh8 17. h5 g5 18. Qe4 Qe7 19. f4 gxf4 20. Rxf4 Rxf4 21. Qxf4 Rg8+ 22. Kh2 Qg5 23. Qf3 Qh4+ 24. Qh3 Qf4+ 25. Kh1 Rg3 26. Qh2 Qf3+ 0-1

[Event "Alsace-Baden"]
[Site "Selestat"]
[Date "2019.09.22"]
[Round "1.16"]
[White "Roth, Antoine"]
[Black "Mueller, Rudolf"]
[Result "0-1"]
[WhiteElo "1918"]
[BlackElo "2003"]
[PlyCount "62"]
[EventDate "2019.09.22"]
[EventType "team-match"]
[EventRounds "1"]
[EventCountry "FRA"]
[SourceTitle "CBM 192 Extra"]
[Source "Chessbase"]
[SourceDate "2019.11.06"]
[SourceVersion "1"]
[SourceVersionDate "2019.11.06"]
[SourceQuality "1"]
[WhiteTeam "Alsace"]
[BlackTeam "Baden"]
[WhiteTeamCountry "FRA"]
[BlackTeamCountry "GER"]

1. e4 b6 2. d4 e6 3. Bd3 Bb7 4. Ne2 c5 5. c3 cxd4 6. cxd4 Bb4+ 7. Bd2 Bxd2+ 8. Nxd2 Ne7 9. f4 Nbc6 10. Rc1 0-0 11. Nf3 Nb4 12. Bb1 f5 13. Qb3 fxe4 14. Ng5 Nd3+ 15. Bxd3 exd3 16. Qxd3 Nf5 17. 0-0 h6 18. Ne4 a5 19. Rfd1 Ba6 20. Qd2 Qh4 21. g3 Qg4 22. N2c3 Nh4 23. Qe3 Bb7 24. d5 exd5 25. Nxd5 Rae8 26. Nef6+ gxf6 27. Nxf6+ Rxf6 28. Qxe8+ Rf8 29. Qxd7 Qe2 30. Rc2 Nf3+ 31. Kh1 Nd2+ 0-1

[Event "Bodensee Seniors op 5th"]
[Site "Bregenz"]
[Date "2019.05.27"]
[Round "2"]
[White "Mueller, Rudolf"]
[Black "Heinritz, Dietmar"]
[Result "0-1"]
[WhiteElo "2071"]
[BlackElo "1890"]
[PlyCount "72"]
[EventDate "2019.05.26"]
[EventType "swiss"]
[EventRounds "7"]
[EventCountry "AUT"]
[SourceTitle "CBM 190 Extra"]
[Source "ChessBase"]
[SourceDate "2019.07.15"]
[SourceVersion "1"]
[SourceVersionDate "2019.07.15"]
[SourceQuality "1"]

1. e4 c5 2. Nf3 Nc6 3. d4 cxd4 4. Nxd4 g6 5. Nxc6 bxc6 6. Nc3 Bg7 7. Bd3 Nf6 8. e5 Nd5 9. Nxd5 cxd5 10. Qe2 0-0 11. h4 d6 12. f4 h5 13. 0-0 Bg4 14. Qe1 dxe5 15. fxe5 Qc7 16. Bf4 Qb6+ 17. Kh2 Qxb2 18. Rb1 Qa3 19. Rb3 Qc5 20. e6 fxe6 21. Bxg6 Rf6 22. Bd3 Raf8 23. g3 e5 24. Be3 Rxf1 25. Bxf1 Qxc2+ 26. Kg1 Qxa2 27. Rb7 d4 28. Bg5 e4 29. Rxe7 e3 30. Bf4 Rc8 31. Bc7 Qc2 32. Rxg7+ Kxg7 33. Be5+ Kg6 34. Bxd4 e2 35. Bg2 Qd1 36. Be4+ Bf5 0-1

[Event "GER-ch Seniors 50 31st"]
[Site "Radebeul"]
[Date "2019.05.01"]
[Round "6"]
[White "Mueller, Rudolf"]
[Black "Noldt, Torsten"]
[Result "1-0"]
[WhiteElo "2071"]
[BlackElo "2013"]
[PlyCount "99"]
[EventDate "2019.04.26"]
[EventType "swiss"]
[EventRounds "9"]
[EventCountry "GER"]
[SourceTitle "CBM 190 Extra"]
[Source "ChessBase"]
[SourceDate "2019.07.15"]
[SourceVersion "1"]
[SourceVersionDate "2019.07.15"]
[SourceQuality "1"]

1. e4 d6 2. d4 Nf6 3. Nc3 g6 4. Be2 Bg7 5. h4 c5 6. d5 h5 7. Nh3 Nbd7 8. Bg5 Ne5 9. Bxf6 exf6 10. f3 Bd7 11. Nf2 Bh6 12. g3 Be3 13. f4 Bxf2+ 14. Kxf2 Ng4+ 15. Bxg4 Bxg4 16. Qd3 0-0 17. Nd1 Qd7 18. Ne3 Rfe8 19. Nxg4 Qxg4 20. Rae1 Qd7 21. Kg2 b5 22. Rhf1 Kg7 23. Qf3 f5 24. e5 Rad8 25. exd6 Qxd6 26. Rxe8 Rxe8 27. b3 Re4 28. Rd1 a6 29. c3 Kf8 30. Qd3 c4 31. bxc4 bxc4 32. Qd2 Kg7 33. Kf3 Kf8 34. Qf2 Kg7 35. Rd4 Qa3 36. Rxe4 fxe4+ 37. Kxe4 f5+ 38. Kd4 Qa5 39. Qb2 Qc7 40. Qb4 Qf7 41. Kxc4 Qd7 42. Kd3 Kf7 43. c4 Qe8 44. c5 Qd7 45. Qc4 Qb7 46. Qb3 Qa7 47. d6+ Kg7 48. Qb6 Qa8 49. c6 Qe8 50. Qd4+ 1-0

[Event "GER-chT Laender Seniors 65+"]
[Site "Templin"]
[Date "2018.09.14"]
[Round "5.2"]
[White "Franke, Reiner"]
[Black "Mueller, Rudolf"]
[Result "1-0"]
[WhiteElo "2244"]
[BlackElo "2093"]
[PlyCount "43"]
[EventDate "2018.09.10"]
[EventType "team-swiss"]
[EventRounds "7"]
[EventCountry "GER"]
[SourceTitle "EXT 2020"]
[Source "ChessBase"]
[SourceDate "2019.10.17"]
[SourceVersion "1"]
[SourceVersionDate "2019.10.17"]
[SourceQuality "1"]
[WhiteTeam "Bremen"]
[BlackTeam "Baden II"]
[WhiteTeamCountry "GER"]
[BlackTeamCountry "GER"]

1. Nf3 b6 2. g3 Bb7 3. Bg2 f5 4. 0-0 Nf6 5. d3 e6 6. e4 fxe4 7. Ng5 Bc5 8. Nxe4 Bxe4 9. dxe4 Nc6 10. Nc3 0-0 11. Na4 Bd6 12. Be3 e5 13. h3 Qe8 14. a3 Qg6 15. Qd3 Nd8 16. c4 Ne6 17. b4 Rad8 18. c5 Be7 19. Nc3 bxc5 20. bxc5 Bxc5 21. Nd5 Bxe3 22. Ne7+ 1-0

[Event "GER-chT Laender Seniors 65+"]
[Site "Templin"]
[Date "2018.09.10"]
[Round "1.2"]
[White "Waldschlaeger, Juergen"]
[Black "Mueller, Rudolf"]
[Result "1-0"]
[WhiteElo "2169"]
[BlackElo "2093"]
[PlyCount "60"]
[EventDate "2018.09.10"]
[EventType "team-swiss"]
[EventRounds "7"]
[EventCountry "GER"]
[SourceTitle "EXT 2020"]
[Source "ChessBase"]
[SourceDate "2019.10.17"]
[SourceVersion "1"]
[SourceVersionDate "2019.10.17"]
[SourceQuality "1"]
[WhiteTeam "Niedersachsen"]
[BlackTeam "Baden II"]
[WhiteTeamCountry "GER"]
[BlackTeamCountry "GER"]

1. Nf3 b6 2. e4 Bb7 3. d3 e6 4. g3 c5 5. Bg2 Nc6 6. 0-0 Nd4 7. Nxd4 cxd4 8. Nd2 Qc7 9. Nf3 e5 10. Bd2 Ne7 11. Re1 Nc6 12. Rc1 Be7 13. c3 Qd6 14. cxd4 Nxd4 15. Nxd4 exd4 16. e5 Qb8 17. Qg4 g6 18. Qxd4 Bc5 19. Qa4 Bxg2 20. Kxg2 Qb7+ 21. Qe4 Qxe4+ 22. Rxe4 0-0 23. b4 Be7 24. Rd4 Rfc8 25. Rxc8+ Rxc8 26. Rxd7 Bf8 27. a3 Rc2 28. Bg5 h6 29. Bf6 Bg7 30. Bxg7 Kxg7 1-0

[Event "Baden Wuerttemberg-ch Seniors op 4th"]
[Site "Freudenstadt"]
[Date "2018.06.21"]
[Round "7"]
[White "Vogel, Jaap"]
[Black "Mueller, Rudolf"]
[Result "1-0"]
[WhiteElo "2152"]
[BlackElo "2093"]
[PlyCount "45"]
[EventDate "2018.06.15"]
[EventType "swiss"]
[EventRounds "9"]
[EventCountry "GER"]
[SourceTitle "EXT 2019"]
[Source "ChessBase"]
[SourceDate "2018.10.10"]
[SourceVersion "1"]
[SourceVersionDate "2018.10.10"]
[SourceQuality "1"]

1. d4 b6 2. c4 e6 3. a3 Bb7 4. Nc3 f5 5. d5 Bd6 6. Nf3 Nf6 7. g3 0-0 8. Bg2 Qe8 9. Nb5 Ne4 10. Nxd6 Nxd6 11. 0-0 Nxc4 12. dxe6 dxe6 13. Qc2 Qb5 14. Nd4 Qa6 15. Bxb7 Qxb7 16. Qxc4 Qd5 17. Qxd5 exd5 18. Bf4 Na6 19. Nc6 Rfe8 20. b4 Rxe2 21. Rfe1 Rae8 22. Kf1 R2e4 23. f3 1-0

[Event "GER-chT Seniors 26th"]
[Site "Templin"]
[Date "2017.10.01"]
[Round "7.3"]
[White "Schowalter, Gerd"]
[Black "Mueller, Rudolf"]
[Result "0-1"]
[WhiteElo "1946"]
[BlackElo "2076"]
[PlyCount "86"]
[EventDate "2017.09.25"]
[EventType "team-swiss"]
[EventRounds "7"]
[EventCountry "GER"]
[SourceTitle "EXT 2019"]
[Source "ChessBase"]
[SourceDate "2018.10.10"]
[SourceVersion "1"]
[SourceVersionDate "2018.10.10"]
[SourceQuality "1"]
[WhiteTeam "Rheinland Pfalz II"]
[BlackTeam "Baden II"]
[WhiteTeamCountry "GER"]
[BlackTeamCountry "GER"]

1. d4 b6 2. Bf4 e6 3. Nf3 Bb7 4. Nbd2 f5 5. e3 Nf6 6. h3 d6 7. Bc4 d5 8. Be2 Bd6 9. Bxd6 Qxd6 10. Ne5 Nbd7 11. Ndf3 Qb4+ 12. Nd2 Nxe5 13. dxe5 Nd7 14. f4 Qxb2 15. 0-0 Qc3 16. Rf3 g6 17. Rb1 0-0-0 18. Nb3 Qb4 19. Nd4 Qe7 20. a4 a5 21. Bb5 Nc5 22. Qe2 g5 23. Nc6 Bxc6 24. Bxc6 Rdg8 25. Rb5 g4 26. Rxc5 Qxc5 27. Qa6+ Kd8 28. Qa8+ Ke7 29. Qb7 Rc8 30. hxg4 fxg4 31. Rg3 h5 32. Kh2 Rhg8 33. f5 Qxc2 34. f6+ Kf7 35. Bxd5 Qf5 36. Be4 Qxe5 37. Qc6 Kxf6 38. Bf3 h4 39. Kg1 hxg3 40. Qc1 gxf3 41. gxf3 Rcd8 42. f4 Rd1+ 43. Qxd1 Qxe3+ 0-1

[Event "EU-ch Seniors 65 17th"]
[Site "Sabadell"]
[Date "2017.08.17"]
[Round "6"]
[White "Mueller, Rudolf"]
[Black "Vasiukov, Evgeni"]
[Result "0-1"]
[WhiteElo "2076"]
[BlackElo "2390"]
[PlyCount "30"]
[EventDate "2017.08.12"]
[EventType "swiss"]
[EventRounds "9"]
[EventCountry "ESP"]
[SourceTitle "CBM 180 Extra"]
[Source "ChessBase"]
[SourceDate "2017.10.06"]
[SourceVersion "1"]
[SourceVersionDate "2017.10.06"]
[SourceQuality "1"]

1. e4 Nf6 2. Nc3 d5 3. exd5 Nxd5 4. Nxd5 Qxd5 5. d4 Nc6 6. Be3 e5 7. c3 exd4 8. Bxd4 Nxd4 9. Qxd4 Qxd4 10. cxd4 Bb4+ 11. Kd1 Bf5 12. Rc1 0-0-0 13. Nf3 Rhe8 14. a3 Rxd4+ 15. Nxd4 Re1# 0-1

[Event "Rheinland Pfalz op Seniors 15th"]
[Site "Neustadt an der Weinstrasse"]
[Date "2017.07.23"]
[Round "9"]
[White "Mueller, Rudolf"]
[Black "Schwertel, Johann"]
[Result "1-0"]
[WhiteElo "2119"]
[BlackElo "1929"]
[PlyCount "87"]
[EventDate "2017.07.15"]
[EventType "swiss"]
[EventRounds "9"]
[EventCountry "GER"]
[SourceTitle "EXT 2018"]
[Source "ChessBase"]
[SourceDate "2017.10.13"]
[SourceVersion "1"]
[SourceVersionDate "2017.10.13"]
[SourceQuality "1"]

1. e4 c6 2. d4 d5 3. Nc3 e6 4. exd5 exd5 5. Bd3 Nf6 6. Bg5 Be7 7. Nf3 Bg4 8. h3 Bh5 9. g4 Bg6 10. Ne5 Bxd3 11. Qxd3 Nbd7 12. f4 0-0 13. 0-0 Ne8 14. Bxe7 Qxe7 15. Rae1 Qd6 16. Rf2 f6 17. Nxd7 Qxd7 18. Rfe2 Nd6 19. Re7 Qd8 20. Qe3 Qc8 21. f5 Rf7 22. Rxf7 Nxf7 23. Qe7 Rb8 24. Na4 Qd8 25. Nc5 Qxe7 26. Rxe7 b6 27. Ne6 c5 28. Rxa7 cxd4 29. Kf1 g6 30. Nxd4 Nd6 31. Rd7 Nc4 32. b3 Ne5 33. Rxd5 Kf7 34. c4 h5 35. fxg6+ Kxg6 36. gxh5+ Kxh5 37. Nc6 Re8 38. Nxe5 fxe5 39. Kf2 Kh4 40. Kf3 Kxh3 41. Ke4 Kg3 42. Rxe5 Ra8 43. a4 Rd8 44. Re6 1-0

[Event "Rheinland Pfalz op Seniors 15th"]
[Site "Neustadt an der Weinstrasse"]
[Date "2017.07.19"]
[Round "5"]
[White "Hauck, Bernd"]
[Black "Mueller, Rudolf"]
[Result "0-1"]
[WhiteElo "1713"]
[BlackElo "2119"]
[PlyCount "34"]
[EventDate "2017.07.15"]
[EventType "swiss"]
[EventRounds "9"]
[EventCountry "GER"]
[SourceTitle "EXT 2018"]
[Source "ChessBase"]
[SourceDate "2017.10.13"]
[SourceVersion "1"]
[SourceVersionDate "2017.10.13"]
[SourceQuality "1"]

1. e4 b6 2. d4 Bb7 3. Nc3 e6 4. Bd3 Bb4 5. Nf3 Ne7 6. Bd2 0-0 7. Qe2 f5 8. a3 Bxc3 9. bxc3 f4 10. c4 c5 11. c3 Nbc6 12. Ng5 cxd4 13. Nxh7 Kxh7 14. Qh5+ Kg8 15. e5 Nf5 16. g4 Nxe5 17. Ke2 Bf3+ 0-1

[Event "GER-chA Seniors 28th"]
[Site "Niederhausen"]
[Date "2016.08.21"]
[Round "9"]
[White "Mueller, Rudolf"]
[Black "Ditmas, Hugh"]
[Result "1-0"]
[WhiteElo "2117"]
[BlackElo "1981"]
[PlyCount "141"]
[EventDate "2016.08.13"]
[EventType "swiss"]
[EventRounds "9"]
[EventCountry "GER"]
[SourceTitle "EXT 2019"]
[Source "ChessBase"]
[SourceDate "2018.10.10"]
[SourceVersion "1"]
[SourceVersionDate "2018.10.10"]
[SourceQuality "1"]

1. e4 c5 2. Nf3 Nc6 3. d4 cxd4 4. Nxd4 Nf6 5. Nc3 e5 6. Ndb5 d6 7. Bg5 a6 8. Na3 b5 9. Bxf6 gxf6 10. Nd5 f5 11. Bd3 Be6 12. 0-0 Bxd5 13. exd5 Ne7 14. c4 b4 15. Qa4+ Qd7 16. Qxb4 Bg7 17. f3 0-0 18. Qd2 Rab8 19. Rab1 Qa7+ 20. Qf2 Qxf2+ 21. Kxf2 e4 22. fxe4 fxe4 23. Bxe4 Rxb2+ 24. Rxb2 Bxb2 25. Nc2 Rc8 26. Rb1 Rxc4 27. Bxh7+ Kxh7 28. Rxb2 Nxd5 29. Ne3 Nxe3 30. Kxe3 Ra4 31. Rd2 Kg7 32. Kd3 Kf6 33. Re2 d5 34. Kc3 a5 35. g3 Kf5 36. Rf2+ Ke6 37. Kb2 Rb4+ 38. Kc1 Rc4+ 39. Kd2 Ra4 40. Ke3 Ke5 41. Re2 Ra3+ 42. Kf2+ Kf5 43. Rd2 d4 44. h4 a4 45. Kg2 f6 46. Kh3 Kg6 47. Kg4 f5+ 48. Kf4 d3 49. Ke5 Rc3 50. Kd4 Rc1 51. Rxd3 Kh5 52. Ke5 Kg4 53. Rd4+ Kxg3 54. Kxf5 a3 55. Rd3+ Kxh4 56. Rxa3 Rf1+ 57. Ke4 Kg5 58. Kd5 Kf6 59. Re3 Rc1 60. a4 Ra1 61. Re4 Kf5 62. Rc4 Rd1+ 63. Kc6 Ra1 64. Rc5+ Ke6 65. a5 Ra2 66. Kc7 Ra1 67. Rc6+ Ke7 68. a6 Ra2 69. Kb7 Kd7 70. Rb6 Ra1 71. a7 1-0

[Event "GER-chA Seniors 28th"]
[Site "Niederhausen"]
[Date "2016.08.20"]
[Round "8"]
[White "Gerhardt, Peter Michael"]
[Black "Mueller, Rudolf"]
[Result "1-0"]
[WhiteElo "2006"]
[BlackElo "2117"]
[PlyCount "111"]
[EventDate "2016.08.13"]
[EventType "swiss"]
[EventRounds "9"]
[EventCountry "GER"]
[SourceTitle "EXT 2019"]
[Source "ChessBase"]
[SourceDate "2018.10.10"]
[SourceVersion "1"]
[SourceVersionDate "2018.10.10"]
[SourceQuality "1"]

1. d4 b6 2. c4 e6 3. Nc3 Bb7 4. e4 Bb4 5. f3 Ne7 6. Bd3 0-0 7. Nge2 f6 8. 0-0 Qe8 9. Be3 Bxc3 10. Nxc3 f5 11. Qd2 a6 12. Rad1 d6 13. b4 Qf7 14. exf5 Nxf5 15. Bf2 Nd7 16. Be4 c6 17. b5 axb5 18. cxb5 d5 19. bxc6 Bxc6 20. Bxf5 Qxf5 21. Rfe1 Ra3 22. Bg3 Rfa8 23. Bd6 R3a7 24. a3 Ba4 25. Rc1 Rb7 26. Qe2 Kf7 27. g4 Qg6 28. Qe3 Nf8 29. h3 Bb3 30. f4 Bc4 31. Nb1 h5 32. Kh2 hxg4 33. Rg1 Qd3 34. Qxd3 Bxd3 35. hxg4 Nd7 36. Nd2 Nf6 37. Kg3 Rba7 38. Bb4 Rxa3 39. Rc7+ Kg6 40. Bxa3 Rxa3 41. Kh4 Be2 42. f5+ Kh7 43. g5 Ne8 44. Rc8 Bb5 45. Kg4 exf5+ 46. Kf4 Kg6 47. Nf3 Kf7 48. Ne5+ Ke7 49. Rb8 Ra4 50. Nf3 Nd6 51. Rxb6 Bd3 52. Rc1 Ne4 53. Rb7+ Kd6 54. Rxg7 Be2 55. Re1 Ra2 56. Ng1 1-0

[Event "GER-chA Seniors 27th"]
[Site "Magdeburg"]
[Date "2015.08.20"]
[Round "6"]
[White "Mueller, Rudolf"]
[Black "Lutz, Albert"]
[Result "1/2-1/2"]
[WhiteElo "2102"]
[BlackElo "2204"]
[PlyCount "128"]
[EventDate "2015.08.15"]
[EventType "swiss"]
[EventRounds "9"]
[EventCountry "GER"]
[SourceTitle "EXT 2018"]
[Source "ChessBase"]
[SourceDate "2017.10.13"]
[SourceVersion "1"]
[SourceVersionDate "2017.10.13"]
[SourceQuality "1"]

1. e4 d5 2. exd5 Nf6 3. d4 Bg4 4. f3 Bf5 5. Bb5+ Nbd7 6. Nc3 a6 7. Bd3 Bxd3 8. Qxd3 Nb6 9. Bd2 Nfxd5 10. Nxd5 Qxd5 11. Qe4 0-0-0 12. Ne2 Nc4 13. Qxd5 Rxd5 14. 0-0-0 e6 15. c3 b5 16. b3 Nb6 17. Nf4 Rd7 18. Be3 Ba3+ 19. Kc2 Bd6 20. Nd3 Nd5 21. Bf2 h5 22. g3 c6 23. Rhe1 Kc7 24. c4 Nb4+ 25. Nxb4 Bxb4 26. Re4 Be7 27. Be3 g5 28. a4 bxc4 29. bxc4 Rb8 30. Bd2 Bf6 31. Ba5+ Kc8 32. c5 Rd5 33. Bb6 Kd7 34. f4 g4 35. Kc3 h4 36. Kb4 hxg3 37. hxg3 Rh5 38. Ka5 Rh3 39. Re3 Rh2 40. f5 Bg5 41. fxe6+ fxe6 42. Re4 Ra8 43. Rxg4 Bd2+ 44. Rxd2 Rxd2 45. Rg7+ Kc8 46. Rc7+ Kb8 47. Rxc6 Rxd4 48. Rxe6 Rd5 49. g4 Rg5 50. Re8+ Kb7 51. Re7+ Kc6 52. Re4 Rg6 53. Rd4 Rag8 54. g5 Re6 55. Rf4 Rxg5 56. Kxa6 Rg8 57. Rf7 Ra8+ 58. Ra7 Rxa7+ 59. Bxa7 Re8 60. Bb6 Rb8 61. Ka7 Rg8 62. Ka6 Ra8+ 63. Ba7 Kc7 64. a5 Kc6 1/2-1/2

[Event "Wuertemberg-ch Seniors 27th"]
[Site "Freudenstadt"]
[Date "2015.07.10"]
[Round "9"]
[White "Mueller, Rudolf"]
[Black "Pape, Manfred"]
[Result "1/2-1/2"]
[WhiteElo "2096"]
[BlackElo "2140"]
[PlyCount "135"]
[EventDate "2015.07.03"]
[EventType "swiss"]
[EventRounds "9"]
[EventCountry "GER"]
[SourceTitle "EXT 2016"]
[Source "ChessBase"]
[SourceDate "2015.10.08"]
[SourceVersion "1"]
[SourceVersionDate "2015.10.08"]
[SourceQuality "1"]

1. e4 c6 2. d4 g6 3. Nc3 Bg7 4. Be2 d5 5. exd5 cxd5 6. h4 Nc6 7. Be3 a6 8. f4 h5 9. Nf3 Nh6 10. Ne5 Bf5 11. Na4 Nb4 12. Nd3 Bxd3 13. Bxd3 Ng4 14. Qd2 Qa5 15. Nc3 Nc6 16. Nd1 Qxd2+ 17. Kxd2 Nxd4 18. Bxd4 Bxd4 19. c3 Bf6 20. g3 e6 21. Rf1 0-0 22. Ne3 Nh6 23. Nc2 Nf5 24. Bxf5 gxf5 25. Rae1 Rac8 26. Kd3 Rc4 27. Rf2 Rfc8 28. Ree2 b5 29. a3 a5 30. Ne3 Re4 31. Nc2 Rec4 32. Ne3 R4c7 33. Nc2 Kg7 34. Rh2 Kf8 35. Rhf2 Rc4 36. Ne3 R4c5 37. Nc2 Ke7 38. Nd4 Bxd4 39. Kxd4 Rc4+ 40. Kd3 d4 41. cxd4 Rd8 42. Re5 Rdxd4+ 43. Ke3 Re4+ 44. Rxe4 Rxe4+ 45. Kf3 b4 46. axb4 Rxb4 47. Rd2 Rb3+ 48. Kg2 f6 49. Kh3 Rb5 50. Rc2 Kd7 51. Rd2+ Rd5 52. Rc2 e5 53. Rc4 Rb5 54. Rc2 Kd6 55. Rc8 Rxb2 56. Ra8 Rb5 57. Ra6+ Ke7 58. fxe5 Rxe5 59. Ra7+ Kf8 60. Kg2 Ke8 61. Kf3 Kd8 62. Kf4 Kc8 63. Ra6 Kb7 64. Rxf6 Rb5 65. Rf7+ Ka6 66. Rf6+ Ka7 67. Rf7+ Kb6 68. Rf6+ 1/2-1/2

[Event "Wuertemberg-ch Seniors 27th"]
[Site "Freudenstadt"]
[Date "2015.07.08"]
[Round "6"]
[White "Grigat, Klaus Dieter"]
[Black "Mueller, Rudolf"]
[Result "0-1"]
[WhiteElo "1944"]
[BlackElo "2096"]
[PlyCount "106"]
[EventDate "2015.07.03"]
[EventType "swiss"]
[EventRounds "9"]
[EventCountry "GER"]
[SourceTitle "EXT 2016"]
[Source "ChessBase"]
[SourceDate "2015.10.08"]
[SourceVersion "1"]
[SourceVersionDate "2015.10.08"]
[SourceQuality "1"]

1. e4 e6 2. d4 b6 3. Nc3 Bb7 4. Nf3 Bb4 5. Bd3 Ne7 6. Bd2 0-0 7. a3 Bxc3 8. Bxc3 f5 9. e5 Qe8 10. Be2 Qg6 11. Rg1 Nbc6 12. Qd3 d5 13. Bd2 a5 14. Qc3 Rfc8 15. Nh4 Qf7 16. g4 f4 17. Nf3 Nb4 18. Qb3 c5 19. axb4 axb4 20. Rxa8 Rxa8 21. c3 Ra1+ 22. Bd1 Qg6 23. cxb4 c4 24. Qc3 Qe4+ 25. Kf1 Rxd1+ 26. Kg2 Rxd2 27. Qxd2 Ng6 28. Kf1 Qxf3 29. Qc3 Qe4 30. f3 Qb1+ 31. Kf2 Qa2 32. Qa3 Qxa3 33. bxa3 Bc6 34. b5 Bxb5 35. Rb1 c3 36. Rc1 Bc4 37. Rxc3 Ne7 38. Rc2 Nc6 39. Rd2 b5 40. h4 Kf7 41. h5 Ke8 42. g5 Na5 43. Rd1 Kd7 44. Kg2 Nb3 45. h6 g6 46. Rb1 Kc6 47. Kh3 Nxd4 48. Kg4 Ne2 49. a4 d4 50. axb5+ Bxb5 51. Kh3 d3 52. Kg2 Nd4 53. Kf2 Kd5 0-1